Can You Name All The Characteristics Of Barley From Brawl Stars? - Statistics

General Stats
  • This quiz has been taken 2 times
  • The average score is 8 of 15
Answer Stats
Hint Answer % Correct
Buffies No
100%
Trait No
100%
Rarity Rare
100%
Class Artillery
50%
Hypercharge Bottled-Up Rage
50%
Star Power Extra Noxious
50%
Gadgets Herbal Tonic
50%
Super Last Call
50%
Prestige Title Last Call
50%
Gadgets Sticky Syrup Mixer
50%
Trio Townfolsk
50%
Title You Got Served
50%
Star Power Medical Use
0%
Voice Actor Phillip Lockwood
0%
Attack Undiluted
0%
No matching quizzes found
Score Distribution
Percent of People with Each Score
Percentile by Number Answered
Your Score History
You have not taken this quiz